Muži mi to vysvetlia a iné eseje

Bibliographic Details
Main Author: Solnit, Rebecca, 1961- (Author)
Other Authors: Ostrihoňová, Aňa, 1980- (Translator), Fernandez, Ana Teresa, 1980- (Illustrator)
Format: Book
Language:Slovak
English
PhysicalDescription:127 strán fotografie 18 cm
Published: Bratislava Inaque 2023
ISBN:9788082072139
Edition:Druhé vydanie
Series:CYGNE
Subjects:

MARC

LEADER 00000cam a2200000 4500
001 vtls012229934
003 SK-MaSNL
005 20260301203603.0
008 230518s2023 xo o er 000 edslo
015 |a SNBA2023/07 
020 |a 9788082072139  |q (brožované) 
040 |a SNK  |b slo  |c SNK  |e rda 
041 1 |a slo  |h eng 
044 |a xo  |c SK 
072 7 |a 821.111(73)-3  |x Americká próza  |2 konspekt 
080 |a 821.111(73)-3  |2 2011 
080 |a 316.346.2  |2 2011 
080 |a 364.63-055.2  |2 2011 
080 |a (0:82-4)  |2 2011 
080 |a 342.726-055.2  |2 2011 
080 |a 141.72  |2 2011 
100 1 |a Solnit, Rebecca,  |d 1961-  |4 aut  |9 174403 
240 1 0 |a Men explain things to me  |l Slovensky 
245 1 0 |a Muži mi to vysvetlia a iné eseje  |c Rebecca Solnit ; z anglického originálu Men explain things to me preložila Aňa Ostrihoňová ; ilustrácie Ana Teresa Fernandez 
250 |a Druhé vydanie 
264 1 |a Bratislava  |b Inaque  |c 2023 
300 |a 127 strán  |b fotografie  |c 18 cm 
336 |a text  |b txt  |2 rdacontent 
337 |a bez média  |b n  |2 rdamedia 
338 |a zväzok  |b nc  |2 rdacarrier 
490 1 |a CYGNE  |v 12. zväzok 
500 |a Obsahuje biografické údaje o autorke 
650 0 7 |a muži a ženy  |2 SNKPH  |9 4886 
650 0 7 |a Men and women  |2 SNKPHeng  |9 268440 
650 0 7 |a násilie na ženách  |2 SNKPH  |9 15853 
650 0 7 |a Wife abuse  |2 SNKPHeng  |9 341465 
650 0 7 |a práva žien  |2 SNKPH  |9 797 
650 0 7 |a Women`s rights  |2 SNKPHeng  |9 302210 
650 0 7 |a feminizmus  |2 SNKPH  |9 4940 
650 0 7 |a Feminism  |2 SNKPHeng  |9 302212 
655 7 |a americké prózy  |2 SNKPH  |9 70628 
655 7 |a American prose  |2 SNKPHeng  |9 329382 
655 7 |a eseje  |2 SNKPH  |9 57030 
655 7 |a Essays  |2 SNKPHeng  |9 267540 
700 1 |a Ostrihoňová, Aňa,  |d 1980-  |4 trl  |9 132099 
700 1 |a Fernandez, Ana Teresa,  |d 1980-  |4 ill  |9 180314 
830 0 |a CYGNE  |9 509742 
852 |a Slovenská národná knižnica 
919 |a 978-80-8207-213-9 
954 |a beletria cudzojazyčná (svetová)  |2 lita 
958 |a UP 
958 |a LX 
968 |b ENG 
999 |c 903113  |d 905043 
952 |a SNK  |b SNK  |y PREZ  |7 0  |p 17A1530249  |o snkSD 91695  |i snk2023/10376  |8 0  |0 0  |1 0  |4 0  |d 2023-07-03  |f 1  |l 0  |r 2026-02-24 07:19:31  |w 2026-02-24 
952 |a SNK  |b SNK  |y VYP  |7 0  |p 17A1530250  |o snkSD 91695 D1  |i snk2023/10377  |8 0  |0 0  |1 0  |4 0  |d 2023-07-03  |l 0  |r 2026-02-24 07:19:31  |w 2026-02-24